00762nam a2200217Ii 45000010005000000030009000050080041000140400033000550410008000880820015000961000033001112450039001442640067001833000012002503360026002623370028002883380027003169400050003439990017003939520134004105825CO-ViMGA241108s9999||||xx |||||||||||||| ||und|| aCO-ViMGAbspaerdacCO-ViMGA0 aunk04aR 923 G6331 aMarino Gómez-Santos95027410aLa reina Victoria Eugenia de cerca 1a[Lugar de publicación no identificado] : Plaza y Janes, 1967 avolumen atextbtxt2rdacontent aunmediatedbn2rdamedia avolumebnc2rdacarrier aidficha_siabuc: 5679. -- ficha_no_siabuc:5825 c54024d54024 001040708014aMEVIGERRbMEVIGERRcREFd2006-11-27oR 923 G633pECA5040r2024-11-26 10:41:04tEj.1w2024-11-26yBKz5679 | 7952